Cognitive radio communications and networking : (Record no. 600184)
[ view plain ]
| 000 -LEADER | |
|---|---|
| fixed length control field | 00329nam a2200109Ia 4500 |
| 008 - FIXED-LENGTH DATA ELEMENTS--GENERAL INFORMATION | |
| fixed length control field | 230907s9999||||xx |||||||||||||| ||und|| |
| 082 ## - DEWEY DECIMAL CLASSIFICATION NUMBER | |
| Classification number | 621.3821 |
| Author Mark | COG |
| 245 #0 - TITLE STATEMENT | |
| Title | Cognitive radio communications and networking : |
| 260 ## - PUBLICATION, DISTRIBUTION, ETC. | |
| Place of publication, distribution, etc. | John Wiley & Sons Inc., |
| Name of publisher, distributor, etc. | Chichester, West Sussex, UK : |
| Date of publication, distribution, etc. | 2012 |
| 300 ## - PHYSICAL DESCRIPTION | |
| Extent | xx, 514 p. : |
| 942 ## - ADDED ENTRY ELEMENTS (KOHA) | |
| Koha item type | Book |
| Withdrawn status | Lost status | Damaged status | Not for loan | Permanent Location | Current Location | Date acquired | Total Checkouts | Full call number | Barcode | Date last seen | Price effective from | Koha item type |
|---|---|---|---|---|---|---|---|---|---|---|---|---|
| US-Pakistan Center for Advanced Studies in Energy (USPCAS-E) | US-Pakistan Center for Advanced Studies in Energy (USPCAS-E) | 09/26/2019 | 621.3821 COG | CAS-E0004283 | 09/12/2023 | 09/12/2023 | Book |
